000 01058nam a2200349Ia 4500
003 OSt
005 20220912144730.0
006 a|||||r|||| 00| 0
007 ta
008 220909b |||||||| |||| 00| 0 eng d
020 _a9781119998860 (hbk)
020 _aSL01562229
024 _a191032
037 _b1393, 09/09/2014, Total Books India
037 _cTextbook
040 _aCSL
_beng
_cCSL
041 _aeng
082 _aD65,48M, P1;Q4 TD
100 _aRichharia Madhavendra
245 0 _aMobile satellite communications: Principles and trends
250 _a2
260 _aWest Sessex
_bWiley
_c2014
300 _axx, 731p.
500 _aIncludes bibliographical references; Appendix 703-714p.; Index 715-731p.
650 _a Mobile Satellite
650 _a Radio link
650 _a Satellite systems
650 _aComputer Science
700 _aRichharia Madhavendra
942 _hD65,48M, P1;Q4 TD
_cTB
_2CC
999 _c16900
_d16900